000 00555nam a2200205Ia 4500
005 20221107132130.0
008 131103s9999 xx 000 0 und d
020 _a8170760070
_cRs.134
040 _aLoreto College
041 _aEnglish
082 _a954.03
_bAHM
100 _aAhmad,Manzoor
245 _aIndian response to the second world war
_cManzoor Ahmad
260 _aNew Delhi
_bIntellectual Publishing House
_c1987
300 _a292 p.
504 _aIncludes index
650 _aHistory - Medieval India
850 _aLCLIB
942 _cBK
999 _c9570
_d60049